| 000 | 00684nam a2200241Ia 4500 | ||
|---|---|---|---|
| 003 | OSt | ||
| 005 | 20221005044206.0 | ||
| 006 | a|||||r|||| 00| 0 | ||
| 007 | ta | ||
| 008 | 221004b |||||||| |||| 00| 0 urd d | ||
| 024 | _a13380 | ||
| 037 |
_bGift, 15/09/2014, _cTextual |
||
| 040 |
_aCRL _cCRL _burd |
||
| 041 |
_2urd _aurd |
||
| 082 | _aO168,8N23:g, P5 | ||
| 100 |
_aMasood Maimoona Au. _9592302 |
||
| 245 | 0 | _aMuntakhbat-e-Yusufi | |
| 260 |
_aHyderabad _bMaimoona Masood India _c2007 |
||
| 300 |
_a220p. _ccm. |
||
| 650 | _aURDU SATIRE | ||
| 942 |
_hO168,8N23:g, P5 _cTEXL _2cc |
||
| 999 |
_c953011 _d953011 |
||